000 00768nam a2200277Ia 4500
001 Para_6572
003 CHAP
008 220125s1979 xx 000 0 und d
010 _a205449
040 _cCHAP
082 _aPA 632.95 P44 1979
245 _aThe pesticide manual :
_b a world compendium /
_c edit. by Charles R. Worthing
250 _a6
260 _aLondon :
_b British Crop. Protection Council
300 _a655 p.
650 _aPesticidas
_987536
650 _aPesticidas
_x investigación
_987560
700 _aWorthingl, Charles R.
_9171474
901 _aPA 632.95 P44 1979
902 _aA
905 _a0000001979 0000000000 00
910 _a1979
942 _cPARA
942 _cPARA
_d1
999 _c205449
_d205449